000 00869nam a22002897a 4500
001 5175
003 FISKH
005 20241108131857.0
008 241108b cb ||||| |||| 00| 0 eng d
020 _a9780545342377
040 _aFISKH
_beng
_cFISKH
_dFISKH
050 _aPZ7.T16123
082 _a823.92
100 _aTan, Shaun
245 _aTales From Outer Suburbia /
_cby Shaun Tan
260 _aNew York :
_bScholastic ;
_c2008 .
300 _a92 pages :
_bcolor illustrations ;
_c24 cm .
505 _aZ
520 _aFifteen illustrated short stories, some humorous and some haunting, set in the Australian suburbs.
521 8 _a1040
_bLexile
521 8 _aZ
_bRaz-plus
650 _apicture book
_vfiction
650 _agraphic novels
_vfiction
700 _aKapari-Jatta, Jaana
_etranslator
942 _2ddc
_cBK
_n0
999 _c5175
_d5175